[Event "Team Championship Russia (Blitz, Men)"]
[Site "Sochi"]
[Date "2018.10.10"]
[Round "1.8"]
[White "Iljiushenok, Ilia"]
[Black "Kostin, Alexey"]
[Result "0-1"]
[BlackElo "2314"]
[WhiteElo "2538"]
[LiveChessVersion "1.4.8"]

1. Nf3 {[%clk 0:03:02]} Nf6 {[%clk 0:03:03]} 2. g3 {[%clk 0:03:03]} b5
{[%clk 0:03:03]} 3. Bg2 {[%clk 0:03:04]} Bb7 {[%clk 0:03:04]} 4. O-O
{[%clk 0:03:04]} e6 {[%clk 0:03:04]} 5. d3 {[%clk 0:03:03]} d5 {[%clk 0:03:03]}
6. e4 {[%clk 0:02:53]} Be7 {[%clk 0:03:03]} 7. e5 {[%clk 0:02:46]} Nfd7
{[%clk 0:03:04]} 8. d4 {[%clk 0:02:45]} c5 {[%clk 0:03:02]} 9. c3
{[%clk 0:02:46]} Nc6 {[%clk 0:03:00]} 10. h4 {[%clk 0:02:39]} a5 {[%clk 0:02:59]}
11. Bg5 {[%clk 0:02:29]} b4 {[%clk 0:02:56]} 12. Bxe7 {[%clk 0:02:19]} Qxe7
{[%clk 0:02:55]} 13. Nbd2 {[%clk 0:02:13]} O-O {[%clk 0:02:51]} 14. Rc1
{[%clk 0:01:49]} bxc3 {[%clk 0:02:45]} 15. bxc3 {[%clk 0:01:49]} Ba6
{[%clk 0:02:42]} 16. Re1 {[%clk 0:01:51]} Rfb8 {[%clk 0:02:41]} 17. Nf1
{[%clk 0:01:39]} cxd4 {[%clk 0:02:39]} 18. cxd4 {[%clk 0:01:39]} Nb4
{[%clk 0:02:37]} 19. Re3 {[%clk 0:01:03]} Nxa2 {[%clk 0:02:34]} 20. Ra1
{[%clk 0:01:05]} Bxf1 {[%clk 0:02:18]} 21. Bxf1 {[%clk 0:01:03]} Nb4
{[%clk 0:02:19]} 22. Rea3 {[%clk 0:01:03]} Qd8 {[%clk 0:02:10]} 23. Qd2
{[%clk 0:01:05]} Nb6 {[%clk 0:02:04]} 24. h5 {[%clk 0:00:51]} h6 {[%clk 0:02:05]}
25. Kg2 {[%clk 0:00:51]} Nc4 {[%clk 0:02:01]} 26. Bxc4 {[%clk 0:00:52]} dxc4
{[%clk 0:02:02]} 27. Qc3 {[%clk 0:00:47]} Qd5 {[%clk 0:02:02]} 28. Kh2
{[%clk 0:00:48]} Nd3 {[%clk 0:01:55]} 29. Kg2 {[%clk 0:00:42]} Rb5
{[%clk 0:01:51]} 30. Ra4 {[%clk 0:00:40]} Nb4 {[%clk 0:01:46]} 31. Kg1
{[%clk 0:00:37]} Rc8 {[%clk 0:01:41]} 32. Nd2 {[%clk 0:00:36]} Qc6
{[%clk 0:01:23]} 33. Rxa5 {[%clk 0:00:32]} Rxa5 {[%clk 0:01:21]} 34. Rxa5
{[%clk 0:00:33]} Nd5 {[%clk 0:01:22]} 35. Qc2 {[%clk 0:00:28]} c3
{[%clk 0:01:22]} 36. Rc5 {[%clk 0:00:28]} Qa8 {[%clk 0:01:15]} 37. Ne4
{[%clk 0:00:29]} Rxc5 {[%clk 0:01:10]} 38. Nxc5 {[%clk 0:00:20]} Qa1+
{[%clk 0:01:08]} 39. Kg2 {[%clk 0:00:21]} Qb2 {[%clk 0:01:04]} 40. Qa4
{[%clk 0:00:19]} Ne3+ {[%clk 0:00:47]} 41. Kf3 {[%clk 0:00:16]} Nf5
{[%clk 0:00:47]} 42. Qe8+ {[%clk 0:00:08]} Kh7 {[%clk 0:00:49]} 43. Qxf7
{[%clk 0:00:09]} Nxd4+ {[%clk 0:00:43]} 44. Kg2 {[%clk 0:00:11]} Qc2
{[%clk 0:00:37]} 45. Nd7 {[%clk 0:00:12]} Qe4+ {[%clk 0:00:36]} 46. Kh2
{[%clk 0:00:08]} Nf3+ {[%clk 0:00:36]} 47. Kg2 {[%clk 0:00:03]} Ng5+
{[%clk 0:00:36]} 0-1

[Event "Team Championship Russia (Blitz, Men)"]
[Site "Sochi"]
[Date "2018.10.10"]
[Round "1.9"]
[White "Bocharov, Ivan"]
[Black "Chos, Alexey"]
[Result "1-0"]
[BlackElo "2229"]
[WhiteElo "2667"]
[LiveChessVersion "1.4.8"]

1. e4 {[%clk 0:03:04]} c5 {[%clk 0:03:02]} 2. Nf3 {[%clk 0:03:05]} d6
{[%clk 0:03:04]} 3. d4 {[%clk 0:03:06]} cxd4 {[%clk 0:03:05]} 4. Nxd4
{[%clk 0:03:07]} Nf6 {[%clk 0:03:07]} 5. Nc3 a6 6. f3 {[%clk 0:03:09]} e6
{[%clk 0:03:08]} 7. Be3 {[%clk 0:03:08]} Be7 {[%clk 0:03:09]} 8. Qd2
{[%clk 0:03:07]} Qc7 {[%clk 0:03:09]} 9. O-O-O {[%clk 0:03:07]} Nbd7
{[%clk 0:03:10]} 10. g4 {[%clk 0:03:07]} Ne5 {[%clk 0:03:09]} 11. g5
{[%clk 0:03:02]} Nfd7 {[%clk 0:03:10]} 12. f4 {[%clk 0:03:00]} Nc4
{[%clk 0:03:11]} 13. Bxc4 {[%clk 0:03:01]} Qxc4 {[%clk 0:03:12]} 14. h4
{[%clk 0:02:58]} b5 {[%clk 0:03:10]} 15. a3 {[%clk 0:02:29]} Bb7 {[%clk 0:03:04]}
16. h5 {[%clk 0:02:29]} Nf8 {[%clk 0:02:25]} 17. f5 {[%clk 0:02:14]} O-O-O
{[%clk 0:02:10]} 18. Nb3 {[%clk 0:02:06]} Qc7 {[%clk 0:01:58]} 19. Qf2
{[%clk 0:02:07]} Nd7 {[%clk 0:01:53]} 20. fxe6 {[%clk 0:01:57]} fxe6
{[%clk 0:01:53]} 21. Qf7 {[%clk 0:01:58]} Ne5 {[%clk 0:01:38]} 22. Qxe6+
{[%clk 0:01:57]} Kb8 {[%clk 0:01:39]} 23. Nd5 {[%clk 0:01:57]} Bxd5
{[%clk 0:01:38]} 24. Qxd5 {[%clk 0:01:50]} Rc8 {[%clk 0:01:30]} 25. c3
{[%clk 0:01:47]} Nc4 {[%clk 0:01:30]} 26. Bd4 {[%clk 0:01:46]} Rhg8
{[%clk 0:01:13]} 27. Rhf1 {[%clk 0:01:41]} h6 {[%clk 0:00:52]} 28. g6
{[%clk 0:01:41]} Bf6 {[%clk 0:00:48]} 29. Bxf6 {[%clk 0:01:26]} gxf6
{[%clk 0:00:49]} 30. Qd4 {[%clk 0:01:26]} Rge8 {[%clk 0:00:39]} 31. Rxf6
{[%clk 0:01:25]} Qc6 {[%clk 0:00:26]} 32. Rf7 {[%clk 0:01:23]} Rc7
{[%clk 0:00:27]} 33. Rxc7 {[%clk 0:01:23]} Kxc7 {[%clk 0:00:25]} 34. g7
{[%clk 0:01:22]} Qd7 {[%clk 0:00:13]} 35. Qa7+ {[%clk 0:01:22]} Kc6
{[%clk 0:00:14]} 36. Nd4# {[%clk 0:01:22]} 1-0

[Event "Team Championship Russia (Blitz, Men)"]
[Site "Sochi"]
[Date "2018.10.10"]
[Round "1.10"]
[White "Linker, Mikhail"]
[Black "Bocharov, Dmitry"]
[Result "0-1"]
[BlackElo "2649"]
[WhiteElo "2195"]
[LiveChessVersion "1.4.8"]

1. d4 {[%clk 0:03:02]} Nf6 {[%clk 0:03:01]} 2. c4 {[%clk 0:03:03]} e6
{[%clk 0:03:02]} 3. g3 {[%clk 0:03:04]} d5 {[%clk 0:03:02]} 4. Bg2
{[%clk 0:03:04]} Bb4+ {[%clk 0:03:02]} 5. Bd2 {[%clk 0:03:05]} Be7
{[%clk 0:03:01]} 6. Nf3 {[%clk 0:03:03]} O-O {[%clk 0:03:01]} 7. O-O
{[%clk 0:03:02]} Nbd7 {[%clk 0:03:01]} 8. Qc2 {[%clk 0:02:39]} Ne4
{[%clk 0:03:00]} 9. Nc3 {[%clk 0:02:40]} Nxd2 {[%clk 0:03:00]} 10. Nxd2
{[%clk 0:02:39]} c6 {[%clk 0:03:01]} 11. e4 {[%clk 0:02:36]} dxc4
{[%clk 0:03:00]} 12. Nxc4 {[%clk 0:02:36]} b5 {[%clk 0:03:01]} 13. Ne3
{[%clk 0:02:29]} Qb6 {[%clk 0:02:50]} 14. Rfd1 {[%clk 0:02:21]} a6
{[%clk 0:02:39]} 15. Rac1 {[%clk 0:02:18]} Bb7 {[%clk 0:02:17]} 16. a3
{[%clk 0:01:49]} Rfd8 {[%clk 0:01:48]} 17. b4 {[%clk 0:01:46]} Rac8
{[%clk 0:01:34]} 18. e5 {[%clk 0:01:43]} a5 {[%clk 0:01:28]} 19. Qb1
{[%clk 0:01:35]} axb4 {[%clk 0:01:22]} 20. axb4 {[%clk 0:01:36]} Nb8
{[%clk 0:01:23]} 21. Ne4 {[%clk 0:01:05]} Rxd4 {[%clk 0:01:13]} 22. Nd6
{[%clk 0:00:59]} Bxd6 {[%clk 0:00:35]} 23. exd6 {[%clk 0:00:57]} Nd7
{[%clk 0:00:35]} 24. Qb2 {[%clk 0:00:27]} Rxd1+ {[%clk 0:00:33]} 25. Rxd1
{[%clk 0:00:29]} c5 {[%clk 0:00:33]} 26. Bxb7 {[%clk 0:00:27]} Qxb7
{[%clk 0:00:34]} 27. bxc5 {[%clk 0:00:27]} Rxc5 {[%clk 0:00:35]} 28. Ra1
{[%clk 0:00:21]} h5 {[%clk 0:00:33]} 29. h4 {[%clk 0:00:22]} Qc6 {[%clk 0:00:31]}
30. Qd4 {[%clk 0:00:16]} Ne5 {[%clk 0:00:28]} 31. Qd1 {[%clk 0:00:10]} b4
{[%clk 0:00:24]} 32. Rb1 {[%clk 0:00:05]} b3 {[%clk 0:00:25]} 33. Qxb3
{[%clk 0:00:05]} Nf3+ {[%clk 0:00:26]} 34. Kf1 {[%clk 0:00:07]} Nd2+
{[%clk 0:00:27]} 0-1

[Event "Team Championship Russia (Blitz, Men)"]
[Site "Sochi"]
[Date "2018.10.10"]
[Round "1.11"]
[White "Khanin, Semen"]
[Black "Alexeev, Alexey"]
[Result "1-0"]
[BlackElo "2363"]
[WhiteElo "2545"]
[LiveChessVersion "1.4.8"]

1. e4 {[%clk 0:03:03]} e5 {[%clk 0:03:03]} 2. Nf3 {[%clk 0:03:03]} Nc6
{[%clk 0:03:04]} 3. Bc4 {[%clk 0:03:04]} Bc5 {[%clk 0:03:05]} 4. O-O
{[%clk 0:03:04]} Nf6 {[%clk 0:03:05]} 5. d3 {[%clk 0:03:04]} d6 {[%clk 0:03:03]}
6. c3 {[%clk 0:03:04]} a6 {[%clk 0:02:58]} 7. Bg5 {[%clk 0:03:03]} h6
{[%clk 0:02:54]} 8. Bh4 {[%clk 0:03:03]} b5 {[%clk 0:02:47]} 9. Bd5
{[%clk 0:02:48]} Bd7 {[%clk 0:02:25]} 10. d4 {[%clk 0:02:44]} Bb6
{[%clk 0:02:20]} 11. dxe5 {[%clk 0:02:37]} dxe5 {[%clk 0:02:21]} 12. a4
{[%clk 0:02:13]} Rb8 {[%clk 0:01:58]} 13. axb5 {[%clk 0:02:12]} axb5
{[%clk 0:01:59]} 14. Bxc6 {[%clk 0:01:50]} Bxc6 {[%clk 0:02:00]} 15. Nxe5
{[%clk 0:01:48]} Qxd1 {[%clk 0:01:48]} 16. Rxd1 {[%clk 0:01:49]} Bxe4
{[%clk 0:01:44]} 17. Re1 {[%clk 0:01:07]} g5 {[%clk 0:01:44]} 18. Nd2
{[%clk 0:01:04]} gxh4 {[%clk 0:00:57]} 19. Nxe4 {[%clk 0:01:05]} Nxe4
{[%clk 0:00:35]} 20. Rxe4 {[%clk 0:01:04]} f5 {[%clk 0:00:23]} 21. Re2
{[%clk 0:00:49]} O-O {[%clk 0:00:21]} 22. Nd7 {[%clk 0:00:49]} Rfe8
{[%clk 0:00:19]} 23. Nf6+ {[%clk 0:00:47]} Kf7 {[%clk 0:00:19]} 24. Nxe8
{[%clk 0:00:47]} Rxe8 {[%clk 0:00:20]} 25. Rxe8 {[%clk 0:00:47]} Kxe8
{[%clk 0:00:22]} 26. Kf1 {[%clk 0:00:48]} Kf7 {[%clk 0:00:19]} 27. Ke2
{[%clk 0:00:47]} Ke6 {[%clk 0:00:20]} 28. Ra8 {[%clk 0:00:48]} 1-0

[Event "Team Championship Russia (Blitz, Men)"]
[Site "Sochi"]
[Date "2018.10.10"]
[Round "1.12"]
[White "Pervakov, Sergey"]
[Black "Kezin, Roman"]
[Result "0-1"]
[BlackElo "2575"]
[WhiteElo "2041"]
[LiveChessVersion "1.4.8"]

1. e4 {[%clk 0:03:03]} c5 {[%clk 0:03:03]} 2. Nc3 {[%clk 0:03:04]} Nc6
{[%clk 0:03:05]} 3. g3 {[%clk 0:03:05]} g6 {[%clk 0:03:06]} 4. Bg2
{[%clk 0:03:06]} Bg7 {[%clk 0:03:07]} 5. d3 {[%clk 0:03:07]} d6 {[%clk 0:03:08]}
6. f4 {[%clk 0:03:06]} e6 {[%clk 0:02:52]} 7. Nf3 {[%clk 0:03:07]} Nge7
{[%clk 0:02:53]} 8. O-O {[%clk 0:03:07]} O-O {[%clk 0:02:53]} 9. Be3
{[%clk 0:03:08]} a6 {[%clk 0:02:48]} 10. d4 {[%clk 0:02:50]} cxd4
{[%clk 0:02:49]} 11. Nxd4 {[%clk 0:02:51]} Qc7 {[%clk 0:02:44]} 12. Qd2
{[%clk 0:02:40]} b5 {[%clk 0:02:28]} 13. Rad1 {[%clk 0:02:20]} Rd8
{[%clk 0:02:29]} 14. Qf2 {[%clk 0:01:54]} Rb8 {[%clk 0:01:58]} 15. Nb3
{[%clk 0:01:26]} Bd7 {[%clk 0:01:20]} 16. Rd2 {[%clk 0:01:24]} Be8
{[%clk 0:00:44]} 17. Rfd1 {[%clk 0:01:24]} a5 {[%clk 0:00:44]} 18. a3
{[%clk 0:01:08]} a4 {[%clk 0:00:41]} 19. Nd4 {[%clk 0:01:02]} Na5
{[%clk 0:00:41]} 20. Bf1 {[%clk 0:00:54]} Nc4 {[%clk 0:00:40]} 21. Bxc4
{[%clk 0:00:48]} bxc4 {[%clk 0:00:41]} 22. Rb1 {[%clk 0:00:42]} Rb7
{[%clk 0:00:43]} 23. Kg2 {[%clk 0:00:23]} Rdb8 {[%clk 0:00:42]} 24. Nd1
{[%clk 0:00:20]} e5 {[%clk 0:00:42]} 25. fxe5 {[%clk 0:00:17]} dxe5
{[%clk 0:00:43]} 26. Ne2 {[%clk 0:00:15]} Bc6 {[%clk 0:00:44]} 27. Nec3
{[%clk 0:00:16]} f5 {[%clk 0:00:44]} 28. Nd5 {[%clk 0:00:12]} Nxd5
{[%clk 0:00:23]} 29. exd5 {[%clk 0:00:13]} Bd7 {[%clk 0:00:24]} 30. c3
{[%clk 0:00:09]} Rb5 {[%clk 0:00:20]} 31. h4 {[%clk 0:00:05]} Rxd5
{[%clk 0:00:16]} 32. Rxd5 Bc6 33. Kh2 {[%clk 0:00:04]} Bxd5 {[%clk 0:00:18]} 34.
Bc5 {[%clk 0:00:03]} Ba8 {[%clk 0:00:18]} 35. Bb4 {[%clk 0:00:03]} Qc6
{[%clk 0:00:19]} 36. Ne3 {[%clk 0:00:04]} Rd8 {[%clk 0:00:18]} 37. Rd1
{[%clk 0:00:05]} Rd3 {[%clk 0:00:17]} 38. Rxd3 {[%clk 0:00:04]} Qh1#
{[%clk 0:00:18]} 0-1

[Event "Team Championship Russia (Blitz, Men)"]
[Site "Sochi"]
[Date "2018.10.10"]
[Round "1.13"]
[White "Shkurkin, Andrey"]
[Black "Zvjaginsev, Vadim"]
[Result "0-1"]
[BlackElo "2669"]
[WhiteElo "2218"]
[LiveChessVersion "1.4.8"]

1. d4 {[%clk 0:03:01]} c5 {[%clk 0:03:03]} 2. d5 {[%clk 0:03:02]} d6
{[%clk 0:03:04]} 3. e4 {[%clk 0:03:02]} Nf6 {[%clk 0:03:05]} 4. Nc3
{[%clk 0:03:02]} g6 {[%clk 0:03:06]} 5. f4 {[%clk 0:03:03]} Bg7 {[%clk 0:03:06]}
6. Bb5+ {[%clk 0:03:03]} Nfd7 {[%clk 0:02:47]} 7. Bd3 {[%clk 0:02:58]} O-O
{[%clk 0:02:35]} 8. Nf3 {[%clk 0:02:57]} Na6 {[%clk 0:02:36]} 9. O-O
{[%clk 0:02:37]} Rb8 {[%clk 0:02:37]} 10. Qe1 {[%clk 0:01:48]} Nb4
{[%clk 0:02:37]} 11. Qh4 {[%clk 0:01:20]} Nxd3 {[%clk 0:02:16]} 12. cxd3
{[%clk 0:01:21]} e6 {[%clk 0:02:17]} 13. dxe6 {[%clk 0:00:36]} fxe6
{[%clk 0:02:18]} 14. Qxd8 {[%clk 0:00:19]} Rxd8 {[%clk 0:02:18]} 15. Be3
{[%clk 0:00:17]} b5 {[%clk 0:02:08]} 16. Rf2 {[%clk 0:00:08]} b4 {[%clk 0:02:02]}
17. Na4 {[%clk 0:00:04]} Ba6 {[%clk 0:01:52]} 18. Rd1 {[%clk 0:00:04]} Bb5
{[%clk 0:01:43]} 19. b3 {[%clk 0:00:05]} Bxa4 {[%clk 0:01:44]} 20. bxa4
{[%clk 0:00:07]} a5 {[%clk 0:01:40]} 21. Ng5 {[%clk 0:00:04]} Re8
{[%clk 0:01:41]} 22. Rc1 {[%clk 0:00:00]} 0-1

[Event "Team Championship Russia (Blitz, Men)"]
[Site "Sochi"]
[Date "2018.10.10"]
[Round "1.14"]
[White "Grachev, Boris"]
[Black "Ivlev, Aleksey"]
[Result "1-0"]
[BlackElo "2359"]
[WhiteElo "2646"]
[LiveChessVersion "1.4.8"]

1. d4 {[%clk 0:03:03]} Nf6 {[%clk 0:03:03]} 2. Nf3 {[%clk 0:03:04]} e6
{[%clk 0:03:04]} 3. Bf4 {[%clk 0:03:04]} b6 {[%clk 0:03:05]} 4. e3
{[%clk 0:03:05]} Bb7 {[%clk 0:03:06]} 5. h3 {[%clk 0:03:06]} Be7 {[%clk 0:02:52]}
6. Be2 {[%clk 0:03:06]} O-O {[%clk 0:02:52]} 7. O-O {[%clk 0:03:07]} c5
{[%clk 0:02:52]} 8. c3 {[%clk 0:03:08]} Nc6 {[%clk 0:02:53]} 9. Bh2
{[%clk 0:02:59]} d5 {[%clk 0:02:51]} 10. Ne5 {[%clk 0:02:51]} Nxe5
{[%clk 0:02:50]} 11. Bxe5 {[%clk 0:02:52]} Bd6 {[%clk 0:02:43]} 12. Bxd6
{[%clk 0:02:40]} Qxd6 {[%clk 0:02:43]} 13. f4 {[%clk 0:02:38]} Ne4
{[%clk 0:02:43]} 14. Bd3 {[%clk 0:02:37]} f5 {[%clk 0:02:34]} 15. Nd2
{[%clk 0:02:29]} Nxd2 {[%clk 0:02:29]} 16. Qxd2 {[%clk 0:02:29]} Kh8
{[%clk 0:02:14]} 17. Kh1 {[%clk 0:02:04]} Rg8 {[%clk 0:02:11]} 18. g4
{[%clk 0:02:01]} Raf8 {[%clk 0:02:05]} 19. Qh2 {[%clk 0:01:40]} c4
{[%clk 0:01:52]} 20. Bc2 {[%clk 0:01:41]} b5 {[%clk 0:01:53]} 21. a3
{[%clk 0:01:43]} a5 {[%clk 0:01:54]} 22. Rg1 {[%clk 0:01:31]} b4 {[%clk 0:01:41]}
23. axb4 {[%clk 0:01:31]} axb4 {[%clk 0:01:43]} 24. Qg3 {[%clk 0:01:17]} b3
{[%clk 0:01:12]} 25. Bd1 {[%clk 0:01:16]} Ra8 {[%clk 0:01:09]} 26. Rxa8
{[%clk 0:01:16]} Bxa8 {[%clk 0:01:10]} 27. Bf3 {[%clk 0:01:15]} Bc6
{[%clk 0:00:59]} 28. h4 {[%clk 0:01:04]} Qe7 {[%clk 0:00:51]} 29. Ra1
{[%clk 0:00:58]} Ra8 {[%clk 0:00:44]} 30. Rxa8+ {[%clk 0:00:57]} Bxa8
{[%clk 0:00:45]} 31. Kg2 {[%clk 0:00:52]} Bc6 {[%clk 0:00:38]} 32. h5
{[%clk 0:00:50]} Kg8 {[%clk 0:00:22]} 33. Kf2 {[%clk 0:00:50]} Kf7
{[%clk 0:00:22]} 34. Qh3 {[%clk 0:00:43]} Qd7 {[%clk 0:00:12]} 35. Kg3
{[%clk 0:00:35]} Qc8 {[%clk 0:00:12]} 36. Qh1 {[%clk 0:00:34]} Qb7
{[%clk 0:00:10]} 37. Qb1 {[%clk 0:00:30]} Kf6 {[%clk 0:00:08]} 38. Qh1
{[%clk 0:00:27]} Kf7 {[%clk 0:00:08]} 39. Qh3 {[%clk 0:00:12]} Bd7
{[%clk 0:00:08]} 40. Qg2 {[%clk 0:00:12]} Bc6 {[%clk 0:00:09]} 41. Qh1
{[%clk 0:00:14]} Qa6 {[%clk 0:00:06]} 42. gxf5 {[%clk 0:00:14]} Qa2
{[%clk 0:00:00]} 1-0

[Event "Team Championship Russia (Blitz, Men)"]
[Site "Sochi"]
[Date "2018.10.10"]
[Round "1.15"]
[White "Chizhikov, Vladislav"]
[Black "Kobalia, Mikhail"]
[Result "0-1"]
[BlackElo "2492"]
[WhiteElo "2240"]
[LiveChessVersion "1.4.8"]

1. e4 {[%clk 0:03:03]} c5 {[%clk 0:03:04]} 2. Nf3 {[%clk 0:03:04]} e6
{[%clk 0:03:05]} 3. b3 {[%clk 0:03:04]} a6 {[%clk 0:03:05]} 4. Bb2
{[%clk 0:03:05]} Nc6 {[%clk 0:03:07]} 5. c4 {[%clk 0:03:02]} d6 {[%clk 0:03:00]}
6. d4 {[%clk 0:03:01]} cxd4 {[%clk 0:03:00]} 7. Nxd4 {[%clk 0:03:02]} Bd7
{[%clk 0:02:57]} 8. Nc3 {[%clk 0:03:01]} Nf6 {[%clk 0:02:58]} 9. Rc1
{[%clk 0:02:53]} Be7 {[%clk 0:02:59]} 10. Be2 {[%clk 0:02:37]} O-O
{[%clk 0:02:59]} 11. O-O {[%clk 0:02:38]} Rc8 {[%clk 0:02:52]} 12. Kh1
{[%clk 0:02:29]} Qb6 {[%clk 0:02:45]} 13. Nc2 {[%clk 0:02:24]} Rfd8
{[%clk 0:02:44]} 14. Ne3 {[%clk 0:02:22]} Be8 {[%clk 0:02:43]} 15. Bd3
{[%clk 0:02:14]} Qa7 {[%clk 0:02:41]} 16. Qe1 {[%clk 0:02:12]} Ne5
{[%clk 0:02:33]} 17. Bb1 {[%clk 0:02:07]} b5 {[%clk 0:02:34]} 18. f4
{[%clk 0:01:55]} Ng6 {[%clk 0:02:14]} 19. Qg3 {[%clk 0:01:34]} Nh5
{[%clk 0:02:09]} 20. Qf3 {[%clk 0:01:13]} Nhxf4 {[%clk 0:02:10]} 21. g3
{[%clk 0:01:08]} Nh3 {[%clk 0:02:10]} 22. cxb5 {[%clk 0:00:47]} axb5
{[%clk 0:02:08]} 23. Nxb5 {[%clk 0:00:39]} Qb6 {[%clk 0:02:00]} 24. Rxc8
{[%clk 0:00:36]} Rxc8 25. Nd4 {[%clk 0:00:33]} Bf6 {[%clk 0:02:00]} 26. Rd1
{[%clk 0:00:21]} Ne5 {[%clk 0:01:52]} 27. Qe2 {[%clk 0:00:22]} h6
{[%clk 0:01:44]} 28. Kg2 {[%clk 0:00:16]} Ng5 {[%clk 0:01:44]} 29. h4
{[%clk 0:00:15]} Nh7 {[%clk 0:01:46]} 30. Ng4 {[%clk 0:00:11]} Nxg4
{[%clk 0:01:44]} 31. Qxg4 {[%clk 0:00:12]} Be5 {[%clk 0:01:42]} 32. Qe2
{[%clk 0:00:12]} Nf6 {[%clk 0:01:43]} 33. Nf3 {[%clk 0:00:09]} Bxb2
{[%clk 0:01:43]} 34. Qxb2 {[%clk 0:00:10]} Ng4 {[%clk 0:01:41]} 35. Rd2
{[%clk 0:00:04]} Qe3 {[%clk 0:01:35]} 36. Qd4 {[%clk 0:00:05]} Rc1
{[%clk 0:01:30]} 37. Qxe3 {[%clk 0:00:05]} Nxe3+ {[%clk 0:01:31]} 38. Kf2
{[%clk 0:00:06]} Ng4+ {[%clk 0:01:31]} 39. Ke2 {[%clk 0:00:07]} Rxb1
{[%clk 0:01:32]} 40. Rxd6 {[%clk 0:00:08]} Bb5+ {[%clk 0:01:30]} 41. Kd2
{[%clk 0:00:09]} Rb2+ {[%clk 0:01:31]} 42. Kc3 {[%clk 0:00:10]} Rxa2
{[%clk 0:01:32]} 43. Nd4 {[%clk 0:00:05]} Bf1 {[%clk 0:01:32]} 44. b4
{[%clk 0:00:04]} Ra3+ {[%clk 0:01:33]} 45. Kb2 {[%clk 0:00:05]} Rxg3
{[%clk 0:01:34]} 46. b5 {[%clk 0:00:06]} Bxb5 {[%clk 0:01:30]} 47. Nxb5
{[%clk 0:00:07]} Rh3 {[%clk 0:01:27]} 48. Rd8+ {[%clk 0:00:09]} Kh7
{[%clk 0:01:28]} 49. Nd6 {[%clk 0:00:09]} Ne5 {[%clk 0:01:29]} 50. Ra8
{[%clk 0:00:05]} Rxh4 {[%clk 0:01:29]} 51. Kc2 {[%clk 0:00:05]} Rh3
{[%clk 0:01:30]} 52. Ra5 {[%clk 0:00:05]} f6 {[%clk 0:01:26]} 53. Ra6
{[%clk 0:00:06]} h5 {[%clk 0:01:25]} 54. Ne8 {[%clk 0:00:06]} Rg3
{[%clk 0:01:19]} 55. Ra7 {[%clk 0:00:07]} Kh6 {[%clk 0:01:19]} 56. Re7
{[%clk 0:00:04]} h4 {[%clk 0:01:19]} 57. Nd6 {[%clk 0:00:05]} h3 {[%clk 0:01:18]}
58. Rxe6 {[%clk 0:00:06]} Kg6 {[%clk 0:01:08]} 59. Nf5 {[%clk 0:00:07]} Rg2+
{[%clk 0:01:07]} 60. Kc3 {[%clk 0:00:05]} h2 {[%clk 0:01:04]} 61. Re7
{[%clk 0:00:07]} Nf7 {[%clk 0:01:06]} 62. Nh4+ {[%clk 0:00:06]} Kh7
{[%clk 0:01:05]} 63. Nxg2 {[%clk 0:00:06]} h1=Q {[%clk 0:01:05]} 64. Ne3
{[%clk 0:00:07]} Nd6 {[%clk 0:01:05]} 65. Kd4 {[%clk 0:00:03]} Qg1
{[%clk 0:01:01]} 66. Kd3 {[%clk 0:00:03]} Qa1 {[%clk 0:00:58]} 67. Rd7
{[%clk 0:00:04]} Qa6+ {[%clk 0:00:57]} 68. Kd4 {[%clk 0:00:04]} Nb5+
{[%clk 0:00:55]} 69. Kc5 {[%clk 0:00:05]} Nc3 {[%clk 0:00:52]} 70. Nf5
{[%clk 0:00:05]} Qb5+ {[%clk 0:00:50]} 71. Kd6 {[%clk 0:00:06]} Nxe4+
{[%clk 0:00:50]} 72. Ke6 {[%clk 0:00:07]} Ng5+ 0-1

[Event "Team Championship Russia (Blitz, Men)"]
[Site "Sochi"]
[Date "2018.10.10"]
[Round "1.16"]
[White "Malakhov, Vladimir"]
[Black "Uzhva, Andrey"]
[Result "1-0"]
[BlackElo "2046"]
[WhiteElo "2630"]
[LiveChessVersion "1.4.8"]

1. Nf3 {[%clk 0:03:03]} Nf6 {[%clk 0:03:03]} 2. c4 {[%clk 0:03:04]} g6
{[%clk 0:02:58]} 3. d4 {[%clk 0:03:03]} Bg7 {[%clk 0:02:59]} 4. e3
{[%clk 0:03:04]} O-O {[%clk 0:02:59]} 5. Be2 {[%clk 0:03:05]} d5 {[%clk 0:02:56]}
6. cxd5 {[%clk 0:03:03]} Nxd5 {[%clk 0:02:57]} 7. O-O {[%clk 0:03:03]} Nb6
{[%clk 0:02:49]} 8. Nc3 {[%clk 0:02:57]} N8d7 {[%clk 0:02:47]} 9. e4
{[%clk 0:02:53]} c6 {[%clk 0:02:36]} 10. Bg5 {[%clk 0:02:42]} h6 {[%clk 0:02:37]}
11. Be3 {[%clk 0:02:43]} Nf6 {[%clk 0:02:33]} 12. h3 {[%clk 0:02:43]} Be6
{[%clk 0:02:32]} 13. b3 {[%clk 0:02:33]} Kh7 {[%clk 0:02:26]} 14. Qc2
{[%clk 0:02:32]} Rc8 {[%clk 0:02:19]} 15. Rfd1 {[%clk 0:02:33]} Qc7
{[%clk 0:02:17]} 16. Rac1 {[%clk 0:02:34]} Rfd8 {[%clk 0:02:13]} 17. a4
{[%clk 0:02:24]} a5 {[%clk 0:02:08]} 18. Qb1 {[%clk 0:02:25]} Qb8
{[%clk 0:01:25]} 19. d5 {[%clk 0:02:24]} Nbxd5 {[%clk 0:01:20]} 20. exd5
{[%clk 0:02:24]} cxd5 {[%clk 0:01:00]} 21. Nb5 {[%clk 0:02:07]} Bf5
{[%clk 0:00:58]} 22. Bd3 {[%clk 0:02:08]} Bxd3 {[%clk 0:00:45]} 23. Qxd3
{[%clk 0:02:09]} e5 {[%clk 0:00:43]} 24. Ba7 {[%clk 0:02:06]} e4 {[%clk 0:00:19]}
25. Bxb8 {[%clk 0:02:07]} exd3 {[%clk 0:00:20]} 26. Rxc8 {[%clk 0:01:58]} Rxc8
{[%clk 0:00:21]} 27. Be5 {[%clk 0:01:59]} Ne4 {[%clk 0:00:14]} 28. Bxg7
{[%clk 0:01:58]} Kxg7 {[%clk 0:00:15]} 29. Rxd3 {[%clk 0:01:26]} Rc1+
{[%clk 0:00:16]} 30. Kh2 {[%clk 0:01:27]} Nxf2 {[%clk 0:00:15]} 31. Rxd5
{[%clk 0:01:23]} Rh1+ {[%clk 0:00:07]} 32. Kg3 Ne4+ 33. Kf4 {[%clk 0:01:26]} Nf6
{[%clk 0:00:09]} 34. Rc5 {[%clk 0:01:16]} Rb1 {[%clk 0:00:09]} 35. Nbd4
{[%clk 0:01:11]} Nh5+ {[%clk 0:00:11]} 36. Ke3 {[%clk 0:01:12]} Nf6
{[%clk 0:00:08]} 37. Rxa5 {[%clk 0:01:12]} Rc1 {[%clk 0:00:08]} 38. Rb5
{[%clk 0:01:12]} Rc3+ {[%clk 0:00:08]} 39. Ke2 {[%clk 0:01:12]} Ne4
{[%clk 0:00:08]} 40. Rxb7 {[%clk 0:01:06]} Ng3+ {[%clk 0:00:10]} 41. Kd1
{[%clk 0:01:07]} Ne4 {[%clk 0:00:07]} 42. Ne5 {[%clk 0:01:02]} Nf2+
{[%clk 0:00:04]} 43. Ke2 {[%clk 0:01:03]} Ne4 {[%clk 0:00:04]} 44. Rxf7+ Kg8 45.
Ne6 {[%clk 0:00:56]} Ng5 {[%clk 0:00:00]} 46. Rg7+ {[%clk 0:00:56]} Kh8 1-0